000 00203 a2200109 4500
020 _a9789968129152
041 _aspa
100 _aSantillana
245 _aCiencias Sociales
942 _cBK
952 _71
999 _c21444
_d21444